Estudio de dinámica de población en la depresión tectónica central. el caso de Alajuela, 1790-1900
সংরক্ষণ করুন:
| প্রধান লেখক: | |
|---|---|
| বিন্যাস: | পাঠ্য |
| প্রকাশিত: |
Heredia:
UNA
|
| ট্যাগগুলো: |
ট্যাগ যুক্ত করুন
কোনো ট্যাগ নেই, প্রথমজন হিসাবে ট্যাগ করুন!
|
MARC
| LEADER | 00000 a a2200000 04500 | ||
|---|---|---|---|
| 001 | 16816 | ||
| 003 | |||
| 040 | |||
| 090 | |a 004600 | ||
| 100 | |a Tjarks, Germán | ||
| 245 | |a Estudio de dinámica de población en la depresión tectónica central. el caso de Alajuela, 1790-1900 | ||
| 260 | |a Heredia: |b UNA | ||
| 300 | |a 47 p. | ||
| 999 | |c 15943 |d 15943 | ||
